[Event "Milan SSM July"]
[Site "Milan"]
[Date "2015.07.04"]
[Round "3"]
[White "Brisotto, Stefano"]
[Black "Bracco, Valter"]
[Result "1-0"]
[WhiteElo "1464"]
[BlackElo "1400"]
[PlyCount "69"]
[EventDate "2015.07.02"]
[EventType "swiss"]
[EventRounds "5"]
[EventCountry "ITA"]
[SourceTitle "EXT 2024"]
[Source "ChessBase"]
[SourceDate "2023.10.10"]
[SourceVersion "1"]
[SourceVersionDate "2023.10.10"]
[SourceQuality "1"]

1. e4 c5 2. c3 Nf6 3. e5 Nd5 4. d4 cxd4 5. Nf3 Nc6 6. cxd4 d6 7. Bc4 Nb6 8. Bb5 a6 9. Bxc6+ bxc6 10. 0-0 g6 11. Be3 Nd5 12. exd6 Qxd6 13. Bg5 Bg7 14. Qd2 h6 15. Bh4 0-0 16. Bg3 Qb4 17. Nc3 Bf5 18. a3 Qa5 19. b4 Qd8 20. Ne5 Rc8 21. Nxd5 Qxd5 22. Rfe1 Rfd8 23. Nf3 Be4 24. Rad1 e6 25. Qf4 Bxf3 26. gxf3 g5 27. Qg4 Qb3 28. f4 f5 29. Qe2 Rd6 30. fxg5 Rxd4 31. Rxd4 Bxd4 32. gxh6 e5 33. Bxe5 Re8 34. h7+ Kxh7 35. Qh5+ 1-0

[Event "Milan SSM July"]
[Site "Milan"]
[Date "2015.07.02"]
[Round "1"]
[White "Spelta, Andrea"]
[Black "Brisotto, Stefano"]
[Result "1-0"]
[WhiteElo "1788"]
[BlackElo "1464"]
[PlyCount "55"]
[EventDate "2015.07.02"]
[EventType "swiss"]
[EventRounds "5"]
[EventCountry "ITA"]
[SourceTitle "EXT 2024"]
[Source "ChessBase"]
[SourceDate "2023.10.10"]
[SourceVersion "1"]
[SourceVersionDate "2023.10.10"]
[SourceQuality "1"]

1. Nf3 c5 2. g3 Nc6 3. d4 cxd4 4. Nxd4 e5 5. Nxc6 bxc6 6. Bg2 Nf6 7. 0-0 Be7 8. c4 0-0 9. Nc3 Bb7 10. h3 d5 11. cxd5 cxd5 12. Bg5 e4 13. e3 h6 14. Bf4 Bd6 15. Bxd6 Qxd6 16. Nxe4 Nxe4 17. Bxe4 Qe5 18. Bf3 Rad8 19. Qd4 Qb8 20. Rac1 Bc8 21. Bg2 Rfe8 22. Rc5 Bf5 23. b3 Be4 24. Bxe4 dxe4 25. Qc4 Rd3 26. Rc7 Rf8 27. Rc1 Rxe3 28. fxe3 1-0

[Event "Milan Cappello Memorial"]
[Site "Milan"]
[Date "2015.05.26"]
[Round "4"]
[White "Ricciardi, Arcangelo"]
[Black "Brisotto, Stefano"]
[Result "1-0"]
[WhiteElo "1737"]
[BlackElo "1463"]
[PlyCount "79"]
[EventDate "2015.05.12"]
[EventType "swiss"]
[EventRounds "8"]
[EventCountry "ITA"]
[SourceTitle "EXT 2017"]
[Source "ChessBase"]
[SourceDate "2016.10.25"]
[SourceVersion "1"]
[SourceVersionDate "2016.10.25"]
[SourceQuality "1"]

1. e4 c5 2. Nf3 Nc6 3. Bb5 Nf6 4. e5 Ng4 5. Bxc6 dxc6 6. d3 g6 7. Nc3 Bg7 8. Bf4 0-0 9. Qd2 f6 10. exf6 exf6 11. 0-0 Qb6 12. Rab1 Re8 13. h3 Ne5 14. Nxe5 fxe5 15. Rfe1 Bxh3 16. Be3 Bf5 17. f3 h5 18. Qf2 Qa5 19. Bxc5 b6 20. b4 Qa6 21. Be3 Rad8 22. b5 cxb5 23. Nxb5 Bd7 24. Nc7 Qxa2 25. Nxe8 Bxe8 26. Ra1 Qf7 27. Bg5 Rc8 28. Re4 a5 29. Qxb6 a4 30. Qb2 Qf5 31. Qa2+ Kh7 32. Bc1 Bc6 33. Re1 e4 34. fxe4 Qc5+ 35. Be3 Qa5 36. Rad1 Bc3 37. Qf7+ Bg7 38. Bd4 Rg8 39. e5 Kh6 40. Qxg8 1-0

[Event "Monza e Brianza Province-ch"]
[Site "Ceriano Laghetto"]
[Date "2015.01.20"]
[Round "1"]
[White "Lombardi, Raffaele"]
[Black "Brisotto, Stefano"]
[Result "1-0"]
[WhiteElo "1709"]
[BlackElo "1472"]
[PlyCount "97"]
[EventDate "2015.01.20"]
[EventType "swiss"]
[EventRounds "6"]
[EventCountry "ITA"]
[SourceTitle "EXT 2017"]
[Source "ChessBase"]
[SourceDate "2016.10.25"]
[SourceVersion "1"]
[SourceVersionDate "2016.10.25"]
[SourceQuality "1"]

1. e4 c5 2. Nf3 Nc6 3. Bc4 e6 4. Nc3 Nf6 5. d3 Na5 6. Bb3 Nxb3 7. axb3 d5 8. Bg5 Be7 9. h3 d4 10. Ne2 0-0 11. 0-0 Nd7 12. Bxe7 Qxe7 13. Ng3 Nf6 14. Nh2 e5 15. Qd2 Be6 16. Qg5 Qc7 17. f4 h6 18. Qxe5 Qxe5 19. fxe5 Nd7 20. Nf3 b5 21. b4 c4 22. Nxd4 cxd3 23. Nxe6 fxe6 24. Rxf8+ Kxf8 25. cxd3 Nxe5 26. d4 Nd3 27. Ne2 Nxb4 28. Nc3 a6 29. Nxb5 Rd8 30. Nc7 Ke7 31. Ra4 Rxd4 32. Nxa6 Rd1+ 33. Kh2 Nxa6 34. Rxa6 Re1 35. Ra4 Re2 36. Rb4 Kf6 37. Kg3 Ke5 38. Kf3 Re1 39. h4 g5 40. hxg5 hxg5 41. Kg4 Rxe4+ 42. Rxe4+ Kxe4 43. Kxg5 Kd4 44. b4 e5 45. b5 Kc5 46. Kf5 e4 47. Kxe4 Kxb5 48. g4 Kc6 49. Kf5 1-0

[Event "Milan SSM op 09"]
[Site "Milan"]
[Date "2014.10.03"]
[Round "6"]
[White "Brisotto, Stefano"]
[Black "Invernizzi, Ferruccio"]
[Result "0-1"]
[WhiteElo "1464"]
[BlackElo "1627"]
[PlyCount "64"]
[EventDate "2014.09.16"]
[EventType "swiss"]
[EventRounds "8"]
[EventCountry "ITA"]
[SourceTitle "EXT 2016"]
[Source "ChessBase"]
[SourceDate "2015.10.08"]
[SourceVersion "1"]
[SourceVersionDate "2015.10.08"]
[SourceQuality "1"]

1. e4 d6 2. d4 Nf6 3. Nc3 g6 4. f4 Bg7 5. Nf3 0-0 6. Bd3 Nc6 7. e5 dxe5 8. fxe5 Nd5 9. Nxd5 Qxd5 10. c3 Bg4 11. h3 Bxf3 12. Qxf3 Qxf3 13. gxf3 e6 14. Bg5 f6 15. Bxf6 Bxf6 16. exf6 Rxf6 17. Be4 Nd8 18. 0-0-0 c6 19. h4 Nf7 20. h5 g5 21. Rhg1 h6 22. Rdf1 Nd6 23. Bg6 Raf8 24. Re1 Nf5 25. f4 Nh4 26. fxg5 Rxg6 27. hxg6 Nf3 28. gxh6 Nxg1 29. Rxg1 Rf2 30. h7+ Kg7 31. Rh1 Rf8 32. Kc2 Rh8 0-1

[Event "Milan SSM op 09"]
[Site "Milan"]
[Date "2014.09.16"]
[Round "1"]
[White "Giaretta, Fulvio"]
[Black "Brisotto, Stefano"]
[Result "1-0"]
[WhiteElo "1794"]
[BlackElo "1464"]
[PlyCount "49"]
[EventDate "2014.09.16"]
[EventType "swiss"]
[EventRounds "8"]
[EventCountry "ITA"]
[SourceTitle "EXT 2016"]
[Source "ChessBase"]
[SourceDate "2015.10.08"]
[SourceVersion "1"]
[SourceVersionDate "2015.10.08"]
[SourceQuality "1"]

1. e4 c5 2. Nf3 Nc6 3. Bb5 g6 4. 0-0 Bg7 5. c3 e6 6. d4 cxd4 7. cxd4 Nge7 8. d5 a6 9. Bxc6 dxc6 10. d6 Ng8 11. Nc3 Nf6 12. Bg5 Qb6 13. Qd2 Bd7 14. Be3 Qb4 15. a3 Qc4 16. Ne5 Qb3 17. Nd3 Ng4 18. Rac1 Nxe3 19. Qxe3 e5 20. Nc5 Qb6 21. N3a4 Qa7 22. Nxd7 Qxe3 23. fxe3 Kxd7 24. Rxf7+ Kxd6 25. Rxg7 1-0

[Event "Milan SSM op"]
[Site "Milan"]
[Date "2014.02.06"]
[Round "8"]
[White "Brisotto, Stefano"]
[Black "Costisanu, Romica"]
[Result "0-1"]
[WhiteElo "1492"]
[BlackElo "1484"]
[PlyCount "66"]
[EventDate "2014.01.14"]
[EventType "swiss"]
[EventRounds "8"]
[EventCountry "ITA"]
[SourceTitle "EXT 2015"]
[Source "ChessBase"]
[SourceDate "2014.11.20"]
[SourceVersion "1"]
[SourceVersionDate "2014.11.20"]
[SourceQuality "1"]

1. e4 e5 2. Nf3 Nc6 3. Bb5 Nge7 4. d4 exd4 5. Nxd4 Nxd4 6. Qxd4 c6 7. Bc4 b5 8. Bb3 Ng6 9. 0-0 Bb7 10. Re1 c5 11. Qc3 c4 12. Bxc4 bxc4 13. Qxc4 Rc8 14. Qa4 Qb6 15. Nc3 Bc6 16. Qb3 Qa5 17. Re2 Bd6 18. Bd2 Qa6 19. Rae1 Rb8 20. e5 Bc7 21. Nd5 Bxd5 22. Qxd5 Qe6 23. Qc5 Bb6 24. Qa3 Rc8 25. Bg5 h6 26. Bf6 Nf4 27. Re4 Nh5 28. g4 Rxc2 29. Bh4 g5 30. Qd6 Nf4 31. Qb8+ Bd8 32. Rxf4 0-0 33. Bxg5 hxg5 0-1

[Event "Milan SSM op"]
[Site "Milan"]
[Date "2014.01.30"]
[Round "6"]
[White "Marchesotti, Giovanni"]
[Black "Brisotto, Stefano"]
[Result "1/2-1/2"]
[WhiteElo "1526"]
[BlackElo "1492"]
[PlyCount "39"]
[EventDate "2014.01.14"]
[EventType "swiss"]
[EventRounds "8"]
[EventCountry "ITA"]
[SourceTitle "EXT 2015"]
[Source "ChessBase"]
[SourceDate "2014.11.20"]
[SourceVersion "1"]
[SourceVersionDate "2014.11.20"]
[SourceQuality "1"]

1. Nf3 c5 2. c4 Nc6 3. Nc3 Nf6 4. g3 g6 5. Bg2 Bg7 6. 0-0 0-0 7. d4 b6 8. d5 Na5 9. Nd2 d6 10. b3 b5 11. Rb1 bxc4 12. Nxc4 Nxc4 13. bxc4 Ba6 14. Qd3 Nd7 15. f4 Bxc3 16. Qxc3 Nb6 17. f5 Nxc4 18. Bh6 Ne5 19. fxg6 hxg6 20. Bxf8 1/2-1/2